<?xml version="1.0" encoding="UTF-8"?>
<collection xmlns="http://www.loc.gov/MARC21/slim">
 <record>
  <leader>02242cam a2200469   4500</leader>
  <controlfield tag="001">482748850</controlfield>
  <controlfield tag="003">DE-627</controlfield>
  <controlfield tag="005">20211216112904.0</controlfield>
  <controlfield tag="007">tu</controlfield>
  <controlfield tag="008">050331s2003    xxu||||| c    00| ||eng c</controlfield>
  <datafield tag="035" ind1=" " ind2=" ">
   <subfield code="a">(DE-627)482748850</subfield>
  </datafield>
  <datafield tag="035" ind1=" " ind2=" ">
   <subfield code="a">(DE-576)9482748859</subfield>
  </datafield>
  <datafield tag="035" ind1=" " ind2=" ">
   <subfield code="a">(DE-599)GBV482748850</subfield>
  </datafield>
  <datafield tag="035" ind1=" " ind2=" ">
   <subfield code="a">(OCoLC)835858882</subfield>
  </datafield>
  <datafield tag="040" ind1=" " ind2=" ">
   <subfield code="a">DE-627</subfield>
   <subfield code="b">ger</subfield>
   <subfield code="c">DE-627</subfield>
   <subfield code="e">rakwb</subfield>
  </datafield>
  <datafield tag="041" ind1=" " ind2=" ">
   <subfield code="a">eng</subfield>
  </datafield>
  <datafield tag="044" ind1=" " ind2=" ">
   <subfield code="c">XD-US</subfield>
  </datafield>
  <datafield tag="084" ind1=" " ind2=" ">
   <subfield code="a">21.37</subfield>
   <subfield code="2">bkl</subfield>
  </datafield>
  <datafield tag="245" ind1="1" ind2="0">
   <subfield code="a">Weapons of mass dissemination</subfield>
   <subfield code="b">the propaganda of war ; [exhibition Weapons of Mass Dissemination: The Propaganda of War 13 September 2003 -13 June 2004, the Wolfsonian-Florida International University, Miami Beach, Florida; 25 June - 30 October 2005 the Frances Young Tang Teaching Museum and Art Gallery, Skidmore College, Saratoga Springs, New York]</subfield>
   <subfield code="c">[Ed. Leslie Sternlieb]</subfield>
  </datafield>
  <datafield tag="264" ind1=" " ind2="1">
   <subfield code="a">Miami Beach</subfield>
   <subfield code="c">2003</subfield>
  </datafield>
  <datafield tag="300" ind1=" " ind2=" ">
   <subfield code="a">96 S</subfield>
   <subfield code="b">zahlr. Ill</subfield>
  </datafield>
  <datafield tag="336" ind1=" " ind2=" ">
   <subfield code="a">Text</subfield>
   <subfield code="b">txt</subfield>
   <subfield code="2">rdacontent</subfield>
  </datafield>
  <datafield tag="337" ind1=" " ind2=" ">
   <subfield code="a">ohne Hilfsmittel zu benutzen</subfield>
   <subfield code="b">n</subfield>
   <subfield code="2">rdamedia</subfield>
  </datafield>
  <datafield tag="338" ind1=" " ind2=" ">
   <subfield code="a">Band</subfield>
   <subfield code="b">nc</subfield>
   <subfield code="2">rdacarrier</subfield>
  </datafield>
  <datafield tag="655" ind1=" " ind2="7">
   <subfield code="a">Ausstellungskatalog</subfield>
   <subfield code="0">(DE-588)4135467-9</subfield>
   <subfield code="0">(DE-627)10566491X</subfield>
   <subfield code="0">(DE-576)209660988</subfield>
   <subfield code="2">gnd-content</subfield>
  </datafield>
  <datafield tag="689" ind1="0" ind2="0">
   <subfield code="d">s</subfield>
   <subfield code="0">(DE-588)4046198-1</subfield>
   <subfield code="0">(DE-627)104141603</subfield>
   <subfield code="0">(DE-576)209068558</subfield>
   <subfield code="a">Plakat</subfield>
   <subfield code="2">gnd</subfield>
  </datafield>
  <datafield tag="689" ind1="0" ind2="1">
   <subfield code="d">s</subfield>
   <subfield code="0">(DE-588)4047710-1</subfield>
   <subfield code="0">(DE-627)106193805</subfield>
   <subfield code="0">(DE-576)209074450</subfield>
   <subfield code="a">Psychologische Kriegführung</subfield>
   <subfield code="2">gnd</subfield>
  </datafield>
  <datafield tag="689" ind1="0" ind2="2">
   <subfield code="d">s</subfield>
   <subfield code="0">(DE-588)4136410-7</subfield>
   <subfield code="0">(DE-627)105657654</subfield>
   <subfield code="0">(DE-576)209668946</subfield>
   <subfield code="a">Krieg</subfield>
   <subfield code="g">Motiv</subfield>
   <subfield code="2">gnd</subfield>
  </datafield>
  <datafield tag="689" ind1="0" ind2="3">
   <subfield code="d">s</subfield>
   <subfield code="0">(DE-588)4133624-0</subfield>
   <subfield code="0">(DE-627)105678783</subfield>
   <subfield code="0">(DE-576)209645482</subfield>
   <subfield code="a">Weltkrieg</subfield>
   <subfield code="g">1939-1945, Motiv</subfield>
   <subfield code="2">gnd</subfield>
  </datafield>
  <datafield tag="689" ind1="0" ind2=" ">
   <subfield code="5">(DE-627)</subfield>
  </datafield>
  <datafield tag="700" ind1="1" ind2=" ">
   <subfield code="a">Sternlieb, Leslie</subfield>
   <subfield code="4">oth</subfield>
  </datafield>
  <datafield tag="710" ind1="2" ind2=" ">
   <subfield code="a">Wolfsonian</subfield>
   <subfield code="g">Miami Beach, Fla.</subfield>
   <subfield code="0">(DE-588)5506203-9</subfield>
   <subfield code="0">(DE-627)324063024</subfield>
   <subfield code="0">(DE-576)197795099</subfield>
   <subfield code="4">oth</subfield>
  </datafield>
  <datafield tag="710" ind1="2" ind2=" ">
   <subfield code="a">Frances Young Tang Teaching Museum and Art Gallery</subfield>
   <subfield code="g">Saratoga Springs, NY</subfield>
   <subfield code="0">(DE-588)10039875-3</subfield>
   <subfield code="0">(DE-627)349346046</subfield>
   <subfield code="0">(DE-576)199174156</subfield>
   <subfield code="4">oth</subfield>
  </datafield>
  <datafield tag="787" ind1="0" ind2="8">
   <subfield code="i">Rezensiert in</subfield>
   <subfield code="a">Beckstette, Sven, 1974 - </subfield>
   <subfield code="t">Visualisierungen des Krieges</subfield>
   <subfield code="d">2006</subfield>
   <subfield code="w">(DE-627)1465587969</subfield>
   <subfield code="w">(DE-576)395587964</subfield>
  </datafield>
  <datafield tag="936" ind1="b" ind2="k">
   <subfield code="a">21.37</subfield>
   <subfield code="j">Graphikdesign</subfield>
   <subfield code="0">(DE-627)106405748</subfield>
  </datafield>
  <datafield tag="951" ind1=" " ind2=" ">
   <subfield code="a">BO</subfield>
  </datafield>
  <datafield tag="990" ind1=" " ind2=" ">
   <subfield code="a">Plakat</subfield>
  </datafield>
  <datafield tag="990" ind1=" " ind2=" ">
   <subfield code="a">Psychologische Kriegführung</subfield>
  </datafield>
  <datafield tag="990" ind1=" " ind2=" ">
   <subfield code="a">Krieg</subfield>
  </datafield>
  <datafield tag="990" ind1=" " ind2=" ">
   <subfield code="a">Weltkrieg</subfield>
  </datafield>
  <datafield tag="991" ind1=" " ind2=" ">
   <subfield code="a">Rezensiertes Werk</subfield>
  </datafield>
  <datafield tag="999" ind1=" " ind2=" ">
   <subfield code="a">KXP-PPN482748850</subfield>
   <subfield code="e">4020856400</subfield>
  </datafield>
 </record>
</collection>
